00401pab a2200133 454500008004000000100002400040245008300064260000900147300001500156362000800171650003900179650001600218773003300234180718b2015 xxu||||| |||| 00| 0 eng d aNielsen, Kenneth Bo aLaw and Larai: the (de) judicialisation of subaltern resistance in West Bengal c2015 ap.618-639. aNov aLand tenure - India - West Bengal aLand tenure aJournal of Contemporary Asia